00671 2200193 4500245007900000020002300079250001100102700001600113700001800129700001800147650003600165005001900201260003300220041001400253084000800267500015700275490003600432336000900468 aSejarah Dunia Volume 5 ( Perang Dunia, Perang Modern )cY. AgustonohText a978-979-3535-418-8 aCet. 2 aY. Agustono aReny Abarwati aNino Oktorino aEnsiklopedia Sejarah Dan Budaya a20231124095807 aJakartabLENTERA ABADIc2009 aIndonesia a903 aDaftar Isi : Perang Dunia ( Sekilas Dunia, Awal Perang Dunia, Pertempuran Perang Dunia ) Dan Dunia Modern ( Sekilas Dunia, Perang Dingin, Angkasa Luar ) aEnsiklopedia Sejarah Dan Budaya atext